000 00427nam a2200169Ia 4500
005 20250423095126.0
008 250422s9999 xx 000 0 und d
020 _a9784918374
050 _aHD 75.6 .O23/
100 _aObansa, S. A.J.
245 0 _aEconomics of onchocerciasis control in Nigeria: the FCT in focus
260 _aAbuja
260 _bQuill Academic Pub.
260 _c2011
300 _a149 p
942 _cBK
999 _c29318
_d29318